000 00918nam a2200289Ia 4500
001 Para_1688
003 CHAP
008 220125s1993 xx 000 0 und d
010 _a200306
040 _cCHAP
090 _aPA FOLLETO 3481
100 _aGarcía González, Fabián
_946066
245 _aPrincipales enférmedades del nogal pecanero (Carya illinoensis Koch) /
_c por Fabián García González y Cecilio Mendoza Zamora
260 _aChapingo, Méx. :
_b UACh. Dpto. Parasitología Agrícola
300 _a27 p.
440 _aSeríe protección vegetal; 2
_9165183
650 _aNogal
_x enfermedades
_981553
650 _aPecan
_x enfermedades
_986491
700 _aMendoza Zamora, Cecilio
_974770
901 _aPA FOLLETO 3481
902 _aA
905 _a0000001993 0000000000 00
910 _a1993
942 _cPARA
942 _cPARA
_d1
999 _c200306
_d200306